000 01107nam a2200241Ia 4500
999 _c38429
_d38429
001 4440
003 GE_BSU
005 20190510204314.0
008 181216s1998||||ge |||||||||||||| ||geo||
020 _a5505003060
040 _cGE_BSU
041 _ageo
080 _a81"374(038)=353.1"35 თ–77
100 _aთოფურია, ვ
_91040
245 _aქართული ენის ორთოგრაფიული ლექსიკონი /
_cვ. თოფურია , ივ . გიგინეიშვილი , რედ : ივ. გიგინეიშვილი.
250 _aმეორე შევსებული გამოცემა
264 _aთბილისი .:
_bგანათლება,
_c1998.
300 _a633გვ . ;
_c24 სმ.
653 _aქართული ენის ორთოგრაფიული ლექსიკონი
700 _aგიგინეიშვილი , ივ
_91041
700 _aგიგინეიშვილი , ივ
_eრედაქტორი
_91042
942 _cBK
_2udc